European Languages - Statistics

General Stats
  • This quiz has been taken 448 times
  • The average score is 15 of 22
Answer Stats
Hint Answer % Correct
Here's a no brainer English
94%
C'est très facile, n'est pas? French
89%
Was kostet das? German
85%
Cheio de jajajas e Brazillians irritantes sem ofensa Portuguese
80%
Ha en trevlig dag! Swedish
80%
Dit land is naast vlaanderen Dutch
78%
La lingua più bella mai Italian
78%
Jeg elsker København dens en smuk by Danish
77%
Соленый борщ с Джорджем Russian
77%
Tratando de hacer este disco Spanish
77%
Den siste nordisk språk Norwegian
75%
Ten kraj jest domem dla Gdańska Polish
69%
Loppuunmyyty Finnish
61%
Yr iaith hon yw'r un rhyfedd Welsh
56%
това не е Руски Bulgarian
55%
Loksins eðlilegt útlit tungumál Icelandic
55%
Seda keelt räägitakse Baltimaades Estonian
53%
Miluju sebe děkuji Czech
52%
Cineva mi-a spus că tort este delictuală Romanian
52%
Волим је до смрти Serbian
49%
Паўлу любіць мідыі і бульба - фры Belarusian
46%
Hej ju mund të mendoni se kjo është holandez por nuk e tij Albanian
34%
No matching quizzes found
Score Distribution
Percent of People with Each Score
Percentile by Number Answered
Your Score History
You have not taken this quiz